00385nam a2200157Ia 45000010006000000050017000060080041000230410008000640820013000721000034000852450049001192600009001683000034001776500008002116540008002191556220260306170205.0260306t2013||||xx |||||||||||||| ||und|| aESP a547bG22 aGarcía, Joaquín IsaceAUT 0aTratado de química orgánica experimental c2013 aviii, 433 páginas :c26 cm. aGEN aCCN